000 00532nam a2200181Ia 4500
001 3263
005 20260306144908.0
008 260306t2003||||xx |||||||||||||| ||spa||
041 _aESP
082 _a262.91
_bJ81P
100 _aJuan Pablo II, Papa
_eAUT
245 0 _aPastores gregis:
_bsobre el obispo servidor del evangelio de Jesucristo para la esperanza del mundo. Exhortación apostólica postsinodal
260 _c2003
300 _a174 páginas :
_c20 cm.
650 _aGEN
654 _aCHU
942 _cLIB
_dJUS
_fJUS
_2ddc
_n
999 _c3263
_d3263